| 000 | 00854nam a2200205Ia 4500 | ||
|---|---|---|---|
| 003 | GCL | ||
| 008 | 140319s9999 xx 000 0 ara d | ||
| 040 |
_aGCL / _cGCL |
||
| 082 | 0 | 4 |
_aق _b932 _bح م |
| 100 | 1 | _aحسن محمد محىالدين السعدى | |
| 245 | 1 | 0 |
_aالمعالم الرئيسية لتاريخ مصر الفرعونية / _cحسن محمد محىالدين السعدى |
| 260 |
_aالقاهرة : _bدار المعرفة الجامعية ، _c1995 |
||
| 300 |
_a438 ص ؛ _c24 سم |
||
| 650 | 0 | 4 | _aالدولة القديمة |
| 650 | 0 | 4 | _aالعصر الفرعونى |
| 650 | 0 | 4 | _aمصر - تاريخ |
| 650 | 0 | 4 | _aمصر القديمة - تاريخ - الدولة الوسطى ( 2260-1580 ق. م ) |
| 650 | 0 | 4 | _aمصر القديمة - تاريخ - الدولة الحديثة ( 1580 - 525 ق . م ) |
| 942 |
_2ddc _cBK |
||
| 999 |
_c41316 _d41316 |
||